000 01203cam a2200349 a 4500
001 sjds13462559
003 sjds
005 20170615103032.0
008 040120t20032002nyua j 000 1 spa d
020 _a0786819766 (Board)
024 _a725961005993 (Board)
040 _csjds
041 _aspa
_heng
082 0 0 _a[E]
_222
100 1 _aDollin, Laura.
240 _aTractor power
245 1 0 _aExcavadora superfuerte /
_c[text by Laura Dollin ; illustrations by Red Giraffe ; design by Lisa Kershaw]
250 _aFirst U.S. ed.
260 _aNew York :
_bHyperion Books for Children,
_c2003, c2002.
300 _a[12] p. :
_bchiefly col. ill. ;
_c15 cm.
490 0 _aTough stuff
500 _aCover title.
500 _aOriginally published: London, UK 2002.
500 _aOn die-cut board pages with rubber strip attached to p. [1] of cover to resemble a tractor tire.
650 0 _aBoard books.
650 0 _aToy and movable books
_vSpecimens.
650 1 _aTractors
_vFiction.
650 1 _aToy and movable books.
710 2 _aRed Giraffe, Ltd.
942 _cBK
999 _c17618
_d17618